000 00999nam a2200301 i 4500
003 DO-SdBNP
005 20260501110819.0
007 ta
008 091007s1996 dr r 001 p spa d
040 _aDO-SdBNP
_bspa
_cBNPHU
_erda
041 _aspa
082 4 _aRD861.44
_bM878n
_222
100 1 _aMorrison, Mateo,
_d1947-
_eautor
_4aut.
_91469
245 1 0 _aNocturnidad del viento = Voz que se desplaza /
_cMateo Morrison.
250 _aprimera edición
264 1 _aSanto Domingo :
_bEditora Búho
_c1996.
300 _a81 páginas ;
_c21 cm.
336 _atexto
_btxt
_2rdacontent
337 _asin mediación
_bn
_2rdamedia
338 _avolumen
_bnc
_2rdacarrier
490 1 _aColección Espacios culturales
_v1
500 _aIncluye datos biográficos del autor en la contracubierta
590 _aInventariado, 2026/BT
650 7 _aPoesía dominicana
_966
_2LEMB
650 7 _aLiteratura dominicana.
_967
_2LEMB
910 _aBtavárez/Validado. Control de calidad MFF
942 _2ddc
_cLBS1
999 _c60595
_d60595